000 01010nam a2200313Ia 4500
005 20220317001841.0
008 170410s2008 s g 000 f s
020 _a9788483831434
041 _aspa
100 1 _aLe Clézio, Jean-Marie Gustave
_d1940-
245 1 0 _aDesierto
_cJ.M.G. Le Clézio ; traducción de Alberto Conde
250 _a1a. edición
300 _a403 páginas
_c21 cm
490 _aAndanzas
500 _aIncluye datos biográficos del autor en la solapa
534 _tDésert
650 1 4 _2LEMB
_aNovela francesa
_ySiglo XX
650 1 4 _2LEMB
_aLiteratura francesa
_ySiglo XX
650 1 4 _2LEMB
_aInmigrantes en la literatura
650 1 4 _2LEMB
_aMujeres en la literatura
650 1 4 _2LEMB
_aMujeres
_vVida social y costumbres
942 _2loc
_cBKLIT
264 _aBarcelona
_bTusquets
_c2008
336 _atexto
_btxt
_2rdacontent
337 _asin mediación
_bn
_2rdamedia
338 _avolumen
_bnc
_2rdacarrier
040 _aCO-BoRNBP
_bspa
_erda
_cCO-BoRNBP
084 _aN LEC3
999 _c8307
_d8307